Green matters [ eco-toilet

A standard british toilet uses nine litres of tap water each time it's used. That adds up to over 2 billion litres of clean water flushed away in the UK alone, every day. A potential answer to the problem isthis - the propelair eco-toilet.

Bibliographic Details
Main Authors: Drane, Margaret (Author), Drane, Paul (Author), Farrow, Nick (Author), Holmes, Abe (Author)
Corporate Author: World Wide Entertainment
Format: Book
Language:English
Published: Greelong,Australia : World Wide Entertaiment , 2010
Series:Green and sustainable technology series
Subjects:

MARC

LEADER 00000cam a2200000 7i4500
001 0000074331
005 20170719093000.0
008 110620s2010 at eng
020 |a 1585436540308 
050 0 0 |a TA170   |b .G74 2010 
090 0 0 |a TA170   |b .G74 2010 
245 0 0 |a Green matters [  |h [videorecording]] :   |b eco-toilet 
260 |a Greelong,Australia :   |b World Wide Entertaiment ,   |c 2010 
300 |a 1 videodisc :   |b sd.,col. ;   |c 4 3/3 in. 
490 1 |a Green and sustainable technology series 
505 0 |a 1. Eco-toilet -- 2. Reindeer festival -- 3. Kenya hydro -- 4. Railway to road -- 5. Green boats -- 6. Elephants and ivory -- 8. Green weddings 
508 |a Writer/producer Margaret Drane;co-producer Paul Drane;executive producer Nick Farrow;music Margaret Drane;post production The Edit Shop 
511 0 |a Narration Abbe Holmes 
520 |a A standard british toilet uses nine litres of tap water each time it's used. That adds up to over 2 billion litres of clean water flushed away in the UK alone, every day. A potential answer to the problem isthis - the propelair eco-toilet. 
650 0 |a Green technology 
650 0 |a Sustainable engineering 
700 1 |a Drane, Margaret ,   |e author 
700 1 |a Drane, Paul ,   |e author 
700 1 |a Farrow, Nick ,   |e author 
700 1 |a Holmes, Abe ,   |e author 
710 2 |a World Wide Entertainment 
999 |a 1000140076   |b Digital Video Disc   |c Close Access   |e Gong Badak Campus